Statistics for US Presidential Surnames

Click here to take the quiz!

General Stats

  • This quiz has been taken 72 times
  • The average score is 28 of 32

Answer Stats

first namesurname% Correct
BillClinton
100%
AbrahamLincoln
99%
BarackObama
97%
UlyssesGrant
96%
TheodoreRoosevelt
96%
DonaldTrump
96%
WoodrowWilson
96%
JimmyCarter
94%
DwightEisenhower
94%
RonaldReagan
94%
GeorgeBush, Washington
93%
AndrewJackson, Johnson
93%
LyndonJohnson
93%
GeraldFord
91%
RichardNixon
91%
JohnAdams, Kennedy, Tyler
90%
FranklinRoosevelt, Pierce
90%
ThomasJefferson
88%
JamesBuchanan, Garfield, Polk,
Madison, Monroe
85%
GroverCleveland
85%
CalvinCoolidge
85%
HarryTruman
85%
JoeBiden
84%
HerbertHoover
82%
ZacharyTaylor
81%
RutherfordHayes
79%
MartinVan Buren
78%
WilliamHarrison, McKinley, Taft
76%
WarrenHarding
75%
BenjaminHarrison
75%
ChesterArthur
71%
MillardFillmore
66%

Score Distribution

Percentile by Number Answered

Percent of People with Each Score

Your Score History

You have not taken this quiz